| 000 | 00643cam a2200217 a 4500 | ||
|---|---|---|---|
| 001 | 000001463 | ||
| 005 | 20200929145603.0 | ||
| 008 | 781013s1967 sp 000 f spa | ||
| 020 | _a8423302431 | ||
| 040 |
_aDO-SdBNP _bspa _cBNPHU |
||
| 082 |
_a863.64 _bM445s, 1967 |
||
| 100 | 1 |
_aMatute, Ana María, _d1926- _94724 |
|
| 245 | 1 | 4 | _aLos soldados lloran de noche. |
| 250 | _a2a ed. | ||
| 260 |
_aBarcelona : _bDestino, _c1967. |
||
| 300 |
_a227 p. ; _c19 cm. |
||
| 490 | 1 |
_aÁrcora y Delfín _vvol. 250 |
|
| 650 | 4 |
_aNovela española _91123 |
|
| 650 | 4 |
_aLiteratura española _ySIGLO XXI _94846 |
|
| 830 | 0 |
_aÁrcora y Delfín ; _vvol. 250. _94847 |
|
| 999 |
_c1373 _d1373 |
||